The physiology of tropical crop production / (Record no. 161599)

MARC details
000 -LEADER
fixed length control field 00962cam a2200277 a 4500
008 - FIXED-LENGTH DATA ELEMENTS--GENERAL INFORMATION
fixed length control field
020 ## - INTERNATIONAL STANDARD BOOK NUMBER
International Standard Book Number 0851986773 (pbk)
049 ## - LOCAL HOLDINGS (OCLC)
Holding library MAIN
090 ## - LOCALLY ASSIGNED LC-TYPE CALL NUMBER (OCLC); LOCAL CALL NUMBER (RLIN)
Classification number (OCLC) (R) ; Classification number, CALL (RLIN) (NR) SB112.5SQU
003 - CONTROL NUMBER IDENTIFIER
control field
005 - DATE AND TIME OF LATEST TRANSACTION
control field 20230123134205.0
040 ## - CATALOGING SOURCE
Transcribing agency NUST
100 1# - MAIN ENTRY--PERSONAL NAME
Personal name Squire, G. R.
Fuller form of name (Geoffrey R.)
245 14 - TITLE STATEMENT
Title The physiology of tropical crop production /
Statement of responsibility, etc. by G.R. Squire.
260 ## - PUBLICATION, DISTRIBUTION, ETC.
Place of publication, distribution, etc. Wallingford, Oxon, U.K. :
Name of publisher, distributor, etc. C.A.B. International for the Oversease Development Administration,
Date of publication, distribution, etc. c1990.
300 ## - PHYSICAL DESCRIPTION
Extent xiv, 236 p. :
Other physical details ill. ;
Dimensions 24 cm.
504 ## - BIBLIOGRAPHY, ETC. NOTE
Bibliography, etc. note Includes bibliographical references (p. 216-228).
500 ## - GENERAL NOTE
General note Includes index.
653 ## - INDEX TERM--UNCONTROLLED
Uncontrolled term Tropical regions
-- Crops
-- Physiology.
650 #0 - SUBJECT ADDED ENTRY--TOPICAL TERM
Topical term or geographic name entry element Tropical crops
General subdivision Physiology.
650 #0 - SUBJECT ADDED ENTRY--TOPICAL TERM
Topical term or geographic name entry element Crops
General subdivision Physiology.
710 2# - ADDED ENTRY--CORPORATE NAME
Corporate name or jurisdiction name as entry element C.A.B. International.
710 2# - ADDED ENTRY--CORPORATE NAME
Corporate name or jurisdiction name as entry element Great Britain.
Subordinate unit Overseas Development Administration.
907 ## - LOCAL DATA ELEMENT G, LDG (RLIN)
a .b10198040
b 07-04-06
c 06-04-06
942 ## - ADDED ENTRY ELEMENTS (KOHA)
Koha item type Ordinary Loan Books
Call number prefix SB112.5SQU
Holdings
Date last seen Total Checkouts Full call number Barcode Cost, replacement price Price effective from Koha item type Lost status Source of classification or shelving scheme Damaged status Not for loan Collection Withdrawn status Home library Current library Shelving location Date acquired Cost, normal purchase price
01/23/2023   SB112.5 SQU 92003025654 80.00 01/23/2023 BOOKS   LCC     NFIC   MAIN MAIN GEN 01/23/2023 80.00